Olympic Sports That Begin With C - Statistics

General Stats
  • This quiz has been taken 13 times
  • The average score is 3 of 11
Answer Stats
Introduced Sport % Correct
Chamonix 1924 Curling
75%
Chamonix 1924 Cross-Country Skiing
67%
Los Angeles 2028 Cricket
42%
Atlanta 1996 Cycling Mountain Bike
17%
Athens 1896 Cycling Road
17%
Athens 1896 Cycling Track
17%
Munich 1972 Canoe Slalom
8%
Berlin 1936 Canoe Sprint
8%
Los Angeles 2028 Coastal Rowing
8%
Tokyo 2020 Cycling BMX Freestyle
8%
Beijing 2008 Cycling BMX Racing
8%
No matching quizzes found
Score Distribution
Percent of People with Each Score
Percentile by Number Answered
Your Score History
You have not taken this quiz